00605nam a2200205Ia 4500003000400000005001700004008004100021040001800062041000800080082002100088100003300109245008500142250001200227260003800239300002400277650002700301650002400328700002300352700002400375OSt20250131100734.0210716s1962 xx 000 0 und d cAIMIT LIBRARY aeng a808.83 21bWOLJ aGoethe, Johann Wolfgang Von. aSorrows of young werther and selected writings /cBy Johann Wolfgang Von Goethe. a1st ed. aNew York :bSignet Books ;c1962. a255p. ;bPBc17 cm. aReflections on werther aGoethe in sesenheim aHutter, Catherine. aWeigand, Hermann J.